000 01243nam0a2200337 4500
001 RU\NLR\BIBL_A\011155392
005 20250625211446.0
010 _a978-5-9907622-4-4
021 _aRU
_b2016-44699
_92868
035 _a(NILC)RuMoRGB-008506926
035 _a(NLR Aleph) 011155392
090 _a11693039
_c11693039
100 _a20160616d2016 |||y0rusy50 ca
101 0 _arus
102 _aRU
105 _aa|||z|||000ay
200 1 _aКулинарная книга
_eроман
_fРинат Валиуллин
_g[картины и графика авт.]
210 _aСанкт-Петербург
_cАнтология
_d2016
215 _a110, [1], 192, [1] с. встреч. паг.
_cил.
_d17
309 _aКнига-перевертыш
316 _a16+
_5NLR
675 _a821.161.1
686 2 _aШ6(2=Р)8-440.4
700 1 _7ca
_8rus
_aВалиуллин
_bР. Р.
_f1969-
_gРинат Рифович
_9159534
_3RU\NLR\AUTH\770159575
702 1 _4440
_7ca
_8rus
_aВалиуллин
_bР. Р.
_f1969-
_gРинат Рифович
_9159534
_3RU\NLR\AUTH\770159575
801 0 _aRU
_bРГБ
_c20160602
_gRCR
942 _cBOOK
980 _aNB